Co je ECU Banking Association (EBA).

EBA ako centrálna inštitúcia pre realizáciu funkcie ECU ako prostriedku, ktorý oceňuje, zúčtováva, financuje a hradí obchod s tovarom a službami a jednostranné peňažné toky, a to 1. medzi štátmi ES, alebo 2. medzi štátom ES a štátom mimo ES. Princíp práce EBA môže byť inšpiráciou pre zúčtovanie česk...

Descrizione completa

Salvato in:
Dettagli Bibliografici
Autore principale: Zahradník, Petr
Natura: Capitolo di libro
Lingua:ceco
Soggetti:
Tags: Aggiungi Tag
Nessun Tag, puoi essere il primo ad aggiungerne!!

MARC

LEADER 00000naa a2200000 4500
001 r009857
005 20220831085153.9
041 0 |a cze 
044 |a [CS] 
245 1 0 |a Co je ECU Banking Association (EBA).  |c P. Zahradník 
520 |a EBA ako centrálna inštitúcia pre realizáciu funkcie ECU ako prostriedku, ktorý oceňuje, zúčtováva, financuje a hradí obchod s tovarom a službami a jednostranné peňažné toky, a to 1. medzi štátmi ES, alebo 2. medzi štátom ES a štátom mimo ES. Princíp práce EBA môže byť inšpiráciou pre zúčtovanie česko-slovenských zahraničnoobchodných vzťahov. 
610 2 0 |a EBA 
610 2 0 |a inštitúcia 
610 2 0 |a ECU 
610 2 0 |a mena 
610 2 0 |a pohyb kapitálu 
610 2 0 |a Európske spoločenstvá 
610 2 0 |a obchod medzinárodný 
610 2 0 |a tovar 
610 2 0 |a služby 
610 2 0 |a vzťahy hospodárske vonkajšie 
610 2 0 |a vzťahy zúčtovacie 
610 2 0 |a ČSFR 
610 2 0 |a obchod zahraničný 
610 2 0 |a banky medzinárodné 
100 1 |a Zahradník, Petr